BIBLIOTECA “JULIO CORTÁZAR”
ESCUELA AGROTÉCNICA “LIBERTADOR GENERAL SAN MARTÍN” - UNR – CASILDA

Logo Escuela Logo UNR

La táctica en el ajedrez : (Record no. 2015)

MARC details
000 -LEADER
campo de control de longitud fija 00726nam#a22002775a#4500
001 - NÚMERO DE CONTROL
campo de control 2015
008 - DATOS DE LONGITUD FIJA--INFORMACIÓN GENERAL
campo de control de longitud fija 120803s2011####ag#a###g######001#0#spa#d
020 ## - NÚMERO INTERNACIONAL ESTÁNDAR DEL LIBRO
Número Internacional Estándar del Libro 9788499170985
080 ## - NÚMERO DE LA CLASIFICACIÓN DECIMAL UNIVERSAL
Número de la Clasificación Decimal Universal 794.1
084 ## - OTRO NÚMERO DE CLASIFICACIÓN
Número de clasificación M81
040 ## - FUENTE DE CATALOGACIÓN
Centro catalogador/agencia de origen AR-ClEAG
Centro/agencia transcriptor AR-ClEAG
005 - FECHA Y HORA DE LA ÚLTIMA TRANSACCIÓN
campo de control 20241107184730.0
003 - IDENTIFICADOR DE NÚMERO DE CONTROL
campo de control AR-ClEAG
100 1# - ENTRADA PRINCIPAL--NOMBRE DE PERSONA
Nombre de persona Moskalenko, Viktor.
245 13 - MENCIÓN DEL TÍTULO
Título La táctica en el ajedrez :
Resto del título ejercicios prácticos /
Mención de responsabilidad, etc. Viktor Moskalenko.
250 ## - MENCION DE EDICION
Mención de edición 1ª ed.
260 ## - PUBLICACIÓN, DISTRIBUCIÓN, ETC.
Lugar de publicación, distribución, etc. Buenos Aires :
Nombre del editor, distribuidor, etc. Robin book,
Fecha de publicación, distribución, etc. 2011.
300 ## - DESCRIPCIÓN FÍSICA
Extensión 156 p. :
Otras características físicas il. byn. ;
Dimensiones 24 cm.
490 0# - MENCIÓN DE SERIE
Mención de serie Escaques ;
Designación de volumen o secuencia no. 4
653 ## - TÉRMINO DE INDIZACIÓN--NO CONTROLADO
Término no controlado Ajedrez
653 ## - TÉRMINO DE INDIZACIÓN--NO CONTROLADO
Término no controlado Tácticas
653 ## - TÉRMINO DE INDIZACIÓN--NO CONTROLADO
Término no controlado Entretenimientos
653 ## - TÉRMINO DE INDIZACIÓN--NO CONTROLADO
Término no controlado Juegos de tablero
653 ## - TÉRMINO DE INDIZACIÓN--NO CONTROLADO
Término no controlado Juegos de mesa
942 ## - ELEMENTOS DE ENTRADA SECUNDARIOS (KOHA)
Tipo de ítem Koha Libros
980 ## - EQUIVALENCIA O REFERENCIA-CRUZADA-MENCIÓN DE SERIE--NOMBRE DE PERSONA/TÍTULO [LOCAL, CANADÁ]
Enlace 2
Nombre de persona Evangelina Gallicchio
Enlace entre campo y número de secuencia 2
Información miscelánea Evangelina Gallicchio
Holdings
Estatus retirado Estado de pérdida Fuente del sistema de clasificación o colocación Estado de daño No para préstamo Biblioteca de origen Biblioteca actual Ubicación en estantería Fecha de adquisición Número de inventario Total de préstamos Signatura topográfica completa Código de barras Visto por última vez Precio de reemplazo Tipo de ítem Koha
    Clasificación decimal universal     Julio Cortázar Julio Cortázar   07/11/2024 3790   R20 794.1 M81 Ej.1 3790 07/11/2024 07/11/2024 Libros

Contacto

Biblioteca Julio Cortázar. Escuela Agrotécnica "Libertador San Martín". Universidad Nacional de Rosario
Dirección: Ov. Lagos 1000 - 2170 Casilda - Santa Fe - Argentina
Tel: (54) (03464) 422226.
Fax: (54) (03464) 427789.
E-Mail: biblio-eac@unr.edu.ar